header

Advanced orthopaedics (Record no. 150637)

MARC details
000 -LEADER
fixed length control field 01074nam a2200289Ia 4500
100 1# - MAIN ENTRY--AUTHOR NAME
Personal name Arafiles, Ruben P.
245 10 - TITLE STATEMENT
Title Advanced orthopaedics
260 ## - PUBLICATION, DISTRIBUTION, ETC. (IMPRINT)
Place of publication [Bradford :
Name of publisher Emerald Group Publishing Limited,
Year of publication 2013]
300 ## - PHYSICAL DESCRIPTION
Number of Pages v, 229 p.
500 ## - GENERAL NOTE
General note Includes index.
650 #0 - SUBJECT ADDED ENTRY--TOPICAL TERM
Topical Term Orthopedics.
Topical Term Surgery.
856 40 - ELECTRONIC LOCATION AND ACCESS
Uniform Resource Identifier http://site.ebrary.com/lib/rucke/Doc?id=10739179

No items available.

© 2026 Rongo University
Contact us: librarian | system librarian | Rongo university